Respuesta Jurd̕ica y Social a la Vc̕tima del Delito

Detalles Bibliográficos
Autor principal: Martn̕ez Atienza, Gorgonio
Formato: Libro
Lenguaje:español
Publicado: Barcelona vLex 2016
Materias:
Acceso en línea:Acceso restringido

MARC

LEADER 00000nam a22000007a 4500
005 20160518144832.0
007 cr|||| ||u|
008 160518s2016 spa||||| |||| 00||0 spa d
035 |a 14217 
040 |a vLex  
090 |c 6074  |d 6074 
100 1 |a Martn̕ez Atienza, Gorgonio 
245 1 0 |a Respuesta Jurd̕ica y Social a la Vc̕tima del Delito  |h [Recurso electrn̤ico] /   |c Gorgonio Martn̕ez Atienza 
256 |a Servicio en ln̕ea  
260 |a Barcelona  |b vLex  |c 2016 
300 |a 1 recurso electrn̤ico  
506 1 |a Contenido solo disponible en los productos indicados  |d vLex Global  |d vLex Global (Academic Edition, excluding Law Schools)  |d vLex Global (U.S. Academic Edition, Law Schools)  |d vLex Global (U.S. Academic Edition, excluding Law Schools)  |d vLex Global (Academic Edition, Law Schools) 
650 0 4 |a Criminologia  |z Barcelona 
740 0 |a vlex libros (servicio en ln̕ea) 
856 4 0 |u http://vlex.com/source/respuesta-juridica-social-victima-delito-14217  |z Acceso restringido 
942 |c BOOK 
999 0 |a Criminology  |b Barcelona